| 000 | 00649nam a2200241 a 4500 | ||
|---|---|---|---|
| 005 | 20210219153305.0 | ||
| 008 | 991125n 000 0 u | ||
| 035 | _aUPN01000088799 | ||
| 100 | _aKennedy, Edward M | ||
| 222 | _aPHI DELTA KAPPAN | ||
| 245 | _aNational service and education for citizenship | ||
| 300 | _a771-773 | ||
| 362 | _a72, No. 10, 1991 | ||
| 505 | _aOctubre 1991 | ||
| 653 | 0 | _aEDUCACION CIVICA | |
| 653 | 0 | _aLEGISLACION FEDERAL | |
| 653 | 0 | _aMUESTREO | |
| 653 | 0 | _aOPORTUNIDADES PARA JOVENES | |
| 653 | 0 | _aPROGRAMAS PARA JOVENES | |
| 653 | 0 | _aVALORES DEMOCRATICOS | |
| 904 |
_aAC _b026610 |
||
| 905 | _aArticulo | ||
| 999 |
_c73198 _d73198 |
||